| Tag |
First Indicator |
Second Indicator |
Subfields |
| LEADER |
00000cam a22000008i 4500 |
| 001 |
in00000499034 |
| 005 |
20151013060917.0 |
| 008 |
760302s1976 nyu b 00110 eng |
| 010 |
|
|
|a 75023974
|
| 020 |
|
|
|a 0275561003 :
|c $18.50
|
| 035 |
|
|
|a (OCoLC)02073915
|
| 035 |
|
|
|9 ACC9128AM
|
| 040 |
|
|
|a DLC
|c DLC
|d TXA
|d UtOrBLW
|
| 043 |
|
|
|a a-ii---
|
| 049 |
|
|
|a TXAM
|c [439958]
|
| 050 |
0 |
0 |
|a DS448
|b .K33
|
| 082 |
0 |
|
|a 327.54
|
| 100 |
1 |
|
|a Kapur, Ashok.
|
| 245 |
1 |
0 |
|a India's nuclear option :
|b atomic diplomacy and decision making /
|c Ashok Kapur.
|
| 264 |
|
1 |
|a New York :
|b Praeger,
|c 1976.
|
| 300 |
|
|
|a xx, 295 pages ;
|c 24 cm.
|
| 336 |
|
|
|a text
|b txt
|2 rdacontent
|
| 337 |
|
|
|a unmediated
|b n
|2 rdamedia
|
| 338 |
|
|
|a volume
|b nc
|2 rdacarrier
|
| 490 |
1 |
|
|a Praeger special studies in international politics and government
|
| 500 |
|
|
|a Includes index.
|
| 504 |
|
|
|a Bibliography: pages 273-286.
|
| 650 |
|
0 |
|a Nuclear weapons.
|
| 651 |
|
0 |
|a India
|x Foreign relations.
|
| 651 |
|
0 |
|a India
|x Politics and government
|y 1947-
|
| 830 |
|
0 |
|a Praeger special studies in international politics and government.
|
| 999 |
|
|
|a MARS
|
| 999 |
f |
f |
|s 25407827-0808-369d-af04-69f0bc94c6fc
|i 58946d8a-ae37-3382-9290-43b8551ecd3a
|t 0
|
| 952 |
f |
f |
|p normal
|a Texas A&M University
|b College Station
|c Sterling C. Evans Library
|d Evans: Library Stacks
|t 0
|e DS448 .K33
|h Library of Congress classification
|i unmediated -- volume
|m A14802047063
|
| 998 |
f |
f |
|a DS448 .K33
|t 0
|l Evans: Library Stacks
|